[Event "Challenge"]
[Site "http://www.queenalice.com/game.php?id=694342"]
[Date "2009.12.7"]
[Round "-"]
[White "elmo"]
[Black "engues"]
[Result "1-0"]
[WhiteElo "1902"]
[BlackElo "1625"]

1. e4 e5 2. Nf3 Nc6 3. Bb5 d6 4. d4 Bd7 5. Nc3 exd4 6. Nxd4 Nxd4 7. Bxd7+ Qxd7
8. Qxd4 Qg4 9. O-O c6 10. Re1 Nf6 11. Qb4 b5 12. Qa5 Qd7 13. a4 bxa4 14. Qxa4
Be7 15. Bg5 O-O 16. Rad1 Qc7 17. Re2 h6 18. Bh4 Rfd8 19. h3 Rac8 20. Rde1 Rb8
21. b3 Rbc8 22. Qc4 Ne8 23. Bg3 Bf6 24. e5 dxe5 25. Bxe5 Bxe5 26. Rxe5 Nd6 27.
Qc5 Re8 28. Rxe8+ Nxe8 29. Re7 Qb6 30. Na4 Qxc5 31. Nxc5 Nc7 32. Ne4 Kf8 33. Rd7
Ke8 34. Rxf7 Kxf7 35. Nd6+ Ke7 36. Nxc8+ Kd7 37. Nxa7 Na6 38. c3 Kc7 39. b4 Kb7
40. b5 Kxa7 41. bxa6 Kxa6 42. Kf1 Kb5 43. Ke2 Kc5 44. Kd3 g5 45. g3 Kd5 46. f3
h5 47. h4 gxh4 48. gxh4 Ke5 49. Ke3 c5 50. c4 Kf5 51. f4 1-0

[Event "Challenge"]
[Site "http://www.queenalice.com/game.php?id=697072"]
[Date "2009.12.12"]
[Round "-"]
[White "Muller"]
[Black "engues"]
[Result "1-0"]
[WhiteElo "1398"]
[BlackElo "1500"]

1. e4 e5 2. Nf3 Nc6 3. d4 exd4 4. Nxd4 Qh4 5. Nc3 Bc5 6. g3 Qf6 7. Bf4 Bxd4 8.
Nd5 Qg6 9. Nxc7+ Kd8 10. Nxa8 Qxe4+ 11. Qe2 Qxh1 12. Bc7# 1-0

[Event "Let's Play Chess!"]
[Site "http://www.queenalice.com/game.php?id=697650"]
[Date "2009.12.13"]
[Round "-"]
[White "engues"]
[Black "spawnwolfwolverine"]
[Result "1-0"]
[WhiteElo "1410"]
[BlackElo "1626"]

1. e4 e5 2. Nf3 d6 3. c3 g6 4. d4 Bg7 5. dxe5 Bxe5 6. Nxe5 dxe5 7. Qxd8+ Kxd8 8.
Bc4 Be6 9. Bxe6 fxe6 10. O-O Nf6 11. Bg5 Rf8 12. Rd1+ Ke7 13. Nd2 Kf7 14. Bxf6
Kxf6 15. Nc4 Nc6 16. Rd7 Rf7 17. Rd2 b5 18. Ne3 a6 19. Rf1 Rd8 20. Re2 h5 21. g4
Kg5 22. gxh5 gxh5 23. f3 Rg8 24. Rg2+ Kf4 25. Rxg8 Kxe3 26. Re1+ Kxf3 27. Rf1+
Kxe4 28. Rxf7 Na5 29. Rxc7 Nc4 30. b3 Nd2 31. Rc6 b4 32. cxb4 Nf3+ 33. Kg2 Nh4+
34. Kh3 Nf5 35. Rxe6 Nd4 36. Rxa6 h4 37. Rd6 Kf3 38. Rg5 Nxb3 39. axb3 e4 40.
Re6 e3 41. Kxh4 e2 42. Rge5 e1=Q+ 43. Rxe1 Kf2 44. R1e5 Kf3 45. Kg5 Kf2 46. Rf5+
Kg2 47. Rg6 Kxh2 48. Kh6 Kh3 49. Rh5# 1-0

[Event "Challenge"]
[Site "http://www.queenalice.com/game.php?id=701338"]
[Date "2009.12.21"]
[Round "-"]
[White "thedead"]
[Black "engues"]
[Result "1-0"]
[WhiteElo "1640"]
[BlackElo "1249"]

1. d4 d5 2. e3 Nf6 3. h3 Nc6 4. Nf3 g6 5. c4 e6 6. Nc3 Bg7 7. Be2 O-O 8. O-O Re8
9. Re1 e5 10. dxe5 Nxe5 11. cxd5 Nxf3+ 12. Bxf3 Qd6 13. Qc2 Qc5 14. e4 a6 15.
Be3 Qd6 16. Rad1 Nd7 17. g4 Bxc3 18. bxc3 Ne5 19. Be2 Bd7 20. f4 b5 21. fxe5
Qxe5 22. Bf3 Qg3+ 23. Qg2 Qe5 24. Bd4 Qf4 25. Rf1 Qg5 26. Rfe1 c6 27. e5 Rac8
28. dxc6 Bxc6 29. Bxc6 Re7 30. Bf3 Rce8 31. Qg3 h5 32. Re4 f5 33. Be3 fxe4 34.
Bxg5 Rxe5 35. gxh5 exf3 36. Bf4 Re2 37. Qxf3 gxh5 38. Qxh5 R2e6 39. Rd7 Re1+ 40.
Kg2 R1e2+ 41. Kg3 R2e7 42. Qg6+ 1-0

[Event "Challenge"]
[Site "http://www.queenalice.com/game.php?id=710675"]
[Date "2010.1.8"]
[Round "-"]
[White "engues"]
[Black "filou"]
[Result "1-0"]
[WhiteElo "1610"]
[BlackElo "1346"]

1. e4 Nc6 2. Bb5 d5 3. Nc3 g6 4. exd5 a6 5. dxc6 axb5 6. cxb7 Bxb7 7. Nf3 e6 8.
Nxb5 Nf6 9. d4 Bc6 10. Qd3 Be4 11. Qc4 Be7 12. Nxc7+ Kf8 13. Nxa8 Qa5+ 14. c3
Qxa8 15. Qe2 h6 16. Rg1 g5 17. Kf1 Qd5 18. Nd2 e5 19. dxe5 Qxe5 20. Nxe4 Qxe4
21. Qxe4 Nxe4 22. Be3 f5 23. a4 h5 24. f4 g4 25. a5 Kf7 26. a6 Bc5 27. Bxc5 Nxc5
28. Ra5 Rc8 29. a7 Nb7 30. a8=Q Rxa8 31. Rxa8 h4 32. Ra7 Ke6 33. Rxb7 Kd5 34.
Re7 Kc4 35. Ke2 Kb3 36. Rd1 Kxb2 37. Rd6 Kxc3 38. Rc7+ Kb4 39. Rb6+ Ka5 40. Rb2
Ka6 41. Rc1 g3 42. Ra1# 1-0

[Event "Challenge"]
[Site "http://www.queenalice.com/game.php?id=710679"]
[Date "2010.1.8"]
[Round "-"]
[White "engues"]
[Black "rdaigle2003"]
[Result "1-0"]
[WhiteElo "1613"]
[BlackElo "1699"]

1. e4 c5 2. Nf3 d6 3. Bb5+ Nc6 4. d4 cxd4 5. Nxd4 Bd7 6. Nc3 Nxd4 7. Bxd7+ Qxd7
8. Qxd4 O-O-O 9. Qxa7 Qc6 10. O-O Kd7 11. f3 Nf6 12. Rd1 e6 13. e5 Nd5 14. Nxd5
exd5 15. exd6 Bxd6 16. c3 Rhe8 17. Qa5 Re5 18. Bf4 Rf5 19. Bxd6 Qxd6 20. c4 Ke8
21. Rxd5 Rxd5 22. cxd5 Qxd5 23. Re1+ Kf8 24. Qb4+ Kg8 25. Qa4 h6 26. Re8+ Rxe8
27. Qxe8+ Kh7 28. Qe4+ Qxe4 29. fxe4 Kg6 30. Kf2 Kf6 31. Kf3 Ke5 32. Ke3 g5 33.
g4 Kd6 34. Kd4 f6 35. a4 b6 36. b4 Kc6 37. Kc4 Kb7 38. a5 1-0

[Event "Challenge"]
[Site "http://www.queenalice.com/game.php?id=711731"]
[Date "2010.1.10"]
[Round "-"]
[White "engues"]
[Black "The_Match"]
[Result "1-0"]
[WhiteElo "1512"]
[BlackElo "1295"]

1. e4 e5 2. Nf3 f6 3. Nc3 c6 4. Bc4 Ne7 5. d4 d6 6. d5 c5 7. O-O Qd7 8. Bb5 Nbc6
9. dxc6 bxc6 10. Bc4 f5 11. exf5 Qxf5 12. Qxd6 g5 13. Nxg5 a5 14. Bf7+ Qxf7 15.
Nxf7 Kxf7 16. Qxe5 Rg8 17. g3 Bf5 18. Qf4 Rg4 19. Qf3 c4 20. Re1 Rd4 21. Re4 c5
22. Rxd4 cxd4 23. Qxa8 Bxc2 24. Qf3+ Ke8 25. Nd5 Ng6 26. Nf6+ Ke7 27. Bd2 a4 28.
a3 Bg7 29. Bb4+ Kf7 30. Nh5+ Kg8 31. Nxg7 Kxg7 32. Qg4 h5 33. Qxh5 d3 34. Bc3+
Kf7 35. Qf5+ Ke8 36. Qxg6+ Kd7 37. Re1 d2 38. Bxd2 Bxg6 39. h4 Kc6 40. Re6+ Kc5
41. Rxg6 Kb5 42. h5 Kc5 43. Rg4 c3 44. bxc3 Kb5 45. h6 Kb6 46. h7 Ka5 47. h8=Q
Ka6 48. Qh5 Ka7 49. Rg6 Ka8 50. Qh7 Kb8 51. Rg8# 1-0

[Event "Challenge"]
[Site "http://www.queenalice.com/game.php?id=716262"]
[Date "2010.1.19"]
[Round "-"]
[White "engues"]
[Black "Meirebel"]
[Result "0-1"]
[WhiteElo "1625"]
[BlackElo "2100"]

1. e4 e5 2. Nf3 Nf6 3. Nc3 Nc6 4. Bb5 a6 5. Bxc6 dxc6 6. Nxe5 Bc5 7. O-O O-O 8.
Nf3 Bg4 9. h3 Bxf3 10. Qxf3 Qd4 11. d3 Bd6 12. Bf4 b5 13. Bxd6 cxd6 14. Ne2 Qxb2
15. c4 Qe5 16. cxb5 axb5 17. Qe3 c5 18. Rfd1 Ra3 19. Qc1 Rfa8 20. Qc2 b4 21. d4
Qxe4 22. Rd2 Qxc2 23. Rxc2 b3 24. Rc3 Rxa2 25. Rb1 Rxe2 26. Rcxb3 cxd4 27. Kf1
Raa2 28. Kg1 h5 29. Rf1 Ne4 30. Rb8+ Kh7 31. Re8 d3 32. Rd1 Nxf2 33. Rxe2 dxe2
34. Re1 Nd3 0-1

[Event "Challenge"]
[Site "http://www.queenalice.com/game.php?id=716958"]
[Date "2010.1.20"]
[Round "-"]
[White "engues"]
[Black "pedroingles"]
[Result "1-0"]
[WhiteElo "1538"]
[BlackElo "1707"]

1. e4 e5 2. Nf3 Nf6 3. Nc3 Bb4 4. Nxe5 O-O 5. Nf3 Bxc3 6. dxc3 Nxe4 7. Bd3 d5 8.
O-O Nc6 9. c4 Nb4 10. Re1 Nxd3 11. Qxd3 c6 12. cxd5 cxd5 13. c4 Be6 14. cxd5
Qxd5 15. Qxe4 Qxe4 16. Rxe4 Bd5 17. Rd4 Bxf3 18. gxf3 Rfe8 19. Bd2 Rad8 20. Be3
h6 21. Rad1 Rxd4 22. Rxd4 a6 23. Rd7 b5 24. Ra7 Re6 25. b3 h5 26. a4 bxa4 27.
bxa4 g6 28. Kg2 f5 29. Kg3 Kf8 30. Kf4 Kg8 31. Kg5 1-0

[Event "AUTO-OPEN-1861"]
[Site "http://www.queenalice.com/game.php?id=723509"]
[Date "2010.1.31"]
[Round "1"]
[White "engues"]
[Black "Kikof"]
[Result "1-0"]
[WhiteElo "1651"]
[BlackElo "1612"]

1. e4 e5 2. Nf3 Qf6 3. d3 h6 4. b3 Bc5 5. Bb2 d6 6. d4 Bb4+ 7. c3 Ba5 8. dxe5
dxe5 9. Bc4 Ne7 10. O-O O-O 11. Ba3 1-0

[Event "AUTO-OPEN-1861"]
[Site "http://www.queenalice.com/game.php?id=723510"]
[Date "2010.1.31"]
[Round "1"]
[White "Kikof"]
[Black "engues"]
[Result "0-1"]
[WhiteElo "1612"]
[BlackElo "1631"]

1. Nc3 e5 2. Nf3 Nc6 3. e4 Nf6 4. Bc4 h6 5. d3 Bb4 6. Bd2 O-O 7. a3 Bxc3 8. Bxc3
d6 9. h3 Re8 10. Qd2 d5 0-1

[Event "AUTO-OPEN-1861"]
[Site "http://www.queenalice.com/game.php?id=723511"]
[Date "2010.1.31"]
[Round "1"]
[White "engues"]
[Black "cheleazul"]
[Result "0-1"]
[WhiteElo "1669"]
[BlackElo "2445"]

1. e4 e5 2. Nf3 Nf6 3. Nc3 Nc6 4. Bc4 Bc5 5. Ng5 O-O 6. O-O d6 7. h3 h6 8. Nxf7
Rxf7 9. Bxf7+ Kxf7 10. d3 Be6 11. Be3 Kg8 12. Bxc5 dxc5 13. b3 a6 14. a4 Qd7 15.
f3 Qd4+ 16. Kh1 Qxc3 17. f4 exf4 18. Rxf4 Rd8 19. g4 g5 20. Rf2 Nxe4 21. Rf3 Bd5
22. Kh2 Qe5+ 23. Kg1 Ng3 24. Rf2 Nd4 25. Qd2 Nde2+ 0-1

[Event "AUTO-OPEN-1861"]
[Site "http://www.queenalice.com/game.php?id=723512"]
[Date "2010.1.31"]
[Round "1"]
[White "cheleazul"]
[Black "engues"]
[Result "1-0"]
[WhiteElo "2429"]
[BlackElo "1599"]

1. d4 d5 2. Nf3 Nc6 3. c4 dxc4 4. d5 Nb4 5. Qa4+ Qd7 6. Qxb4 Qxd5 7. Nc3 e6 8.
Nxd5 Bxb4+ 9. Nxb4 b6 10. Bf4 c5 11. Nc2 Nf6 12. e3 b5 13. a4 bxa4 14. Rxa4 Rb8
15. Bxb8 1-0

[Event "AUTO-OPEN-1861"]
[Site "http://www.queenalice.com/game.php?id=723513"]
[Date "2010.1.31"]
[Round "1"]
[White "engues"]
[Black "XXX"]
[Result "1-0"]
[WhiteElo "1616"]
[BlackElo "1493"]

1. e4 e5 2. Nf3 d6 3. Nc3 h6 4. d4 exd4 5. Qxd4 Nc6 6. Bb5 Bd7 7. Bxc6 Bxc6 8.
O-O Qe7 9. Re1 Qd7 10. e5 Be7 11. exd6 cxd6 12. Qxg7 O-O-O 13. Qxh8 f5 14. Qg7
Bxf3 15. gxf3 Rf8 16. Bxh6 Nxh6 17. Qxh6 1-0

[Event "AUTO-OPEN-1861"]
[Site "http://www.queenalice.com/game.php?id=723514"]
[Date "2010.1.31"]
[Round "1"]
[White "XXX"]
[Black "engues"]
[Result "0-1"]
[WhiteElo "1493"]
[BlackElo "1599"]

1. d4 d5 2. Bf4 Nc6 3. Nc3 Nf6 4. Nb5 e5 5. dxe5 Nh5 6. Qd2 Be6 7. g3 Nxf4 8.
Qxf4 a6 9. Nc3 Bb4 10. a3 Bxc3+ 11. bxc3 d4 12. cxd4 Nxd4 13. Rc1 Nb5 14. Bg2 c6
15. Nf3 O-O 0-1

[Event "Challenge"]
[Site "http://www.queenalice.com/game.php?id=733530"]
[Date "2010.2.17"]
[Round "-"]
[White "Andrei_78"]
[Black "engues"]
[Result "1-0"]
[WhiteElo "1631"]
[BlackElo "1654"]

1. e4 e5 2. Nf3 Nc6 3. Bb5 d6 4. Bxc6+ bxc6 5. O-O Nf6 6. Nc3 d5 7. Nxe5 Qd6 8.
d4 dxe4 9. Bf4 Qe6 10. Qe1 Ba6 11. Nxe4 Nxe4 12. c4 Nf6 13. Qe2 Bd6 14. b3 Nd7
15. Rfe1 Bxe5 16. dxe5 O-O 17. h3 Rfe8 18. Qh5 Nf8 19. Rad1 Ng6 20. Re4 Nxf4 21.
Rxf4 Rad8 22. Rfd4 Rxd4 23. Rxd4 1-0

[Event "Challenge"]
[Site "http://www.queenalice.com/game.php?id=738138"]
[Date "2010.2.26"]
[Round "-"]
[White "engues"]
[Black "Fernando_cun"]
[Result "0-1"]
[WhiteElo "1621"]
[BlackElo "1700"]

1. e4 e5 2. Nf3 d6 3. Nc3 Bg4 4. h3 Bxf3 5. Qxf3 Nf6 6. Bc4 Nc6 7. d3 Nd4 8. Qd1
c6 9. a3 d5 10. exd5 cxd5 0-1